000 00586nam a2200193Ia 4500
003 GCL
008 140319s9999 xx 000 0 ara d
040 _aGCL /
_cGCL
082 0 4 _a792.015
_bك ن
100 1 _aكروتودسكى, جيرزى
245 1 0 _aنحو مسرح فقير (هدية من الاديب عبدالفتاح الجمل) /
_cكروتودسكى, جيرزى
700 1 _aكمال قاسم نادر (مترجم)
300 _a222 ص
490 _aكتاب
_v0
650 0 4 _aالمسرح
650 0 4 _aالفن
650 0 4 _aتاريخ ونقد
942 _2ddc
_cBK
999 _c41168
_d41168